00557nam a2200157 a 450000100100000000500170001000800410002702000150006804000250008308200150010810000180012324500940014126000500023530000210028550000930030600003545520200930074344.0111101s1996 sp 000 0 spa d a8480881909 aDO-SdBNPbspacBNPHU axxxbW746m1 aWilson, Terry10aManual del empowerment :bcómo conseguir lo mejor de sus colaboradores /cTerry Wilson. aBarcelona :bEdiciones Gestión 2000,c1996. a266 p. ;c24 cm. aEdición original publicada en inglés, por Gowe Publishing Limited, Reino Unido, 1996